Ecology and evolution in anoxic worlds
Αποθηκεύτηκε σε:
| Κύριος συγγραφέας: | |
|---|---|
| Άλλοι συγγραφείς: | |
| Μορφή: | Βιβλίο |
| Γλώσσα: | English |
| Δημοσίευση: |
Oxford; New York :
Oxford University Press,
1995
|
| Σειρά: | Oxford series in ecology and evolution
|
| Θέματα: | |
| Ετικέτες: |
Προσθήκη ετικέτας
Δεν υπάρχουν, Καταχωρήστε ετικέτα πρώτοι!
|
MARC
| LEADER | 00000nam a2200000 i 4500 | ||
|---|---|---|---|
| 001 | 1/36588 | ||
| 008 | 030611s1995 eng d | ||
| 020 | |a 0-19-854837-0 | ||
| 035 | |l 10070092 | ||
| 040 | |a GR-MY-UA |b gre |e aacr | ||
| 041 | 0 | |a eng | |
| 082 | 0 | |a 572.478 |2 (21) | |
| 100 | 1 | |a Fenchel, Tom. | |
| 245 | 1 | 0 | |a Ecology and evolution in anoxic worlds / |c Tom Fenchel, Bland J. Finlay |
| 260 | |a Oxford; New York : |b Oxford University Press, |c 1995 | ||
| 300 | |a 276 σ.; |b εικ.; |c 24 εκ. | ||
| 490 | 1 | |a Oxford series in ecology and evolution | |
| 504 | |a Περιέχει βιβλιογραφία και ευρετήριο | ||
| 650 | 0 | 0 | |a Anaerobiosis. |
| 650 | 0 | 0 | |a Anaerobic bacteria. |
| 650 | 0 | 0 | |a Microbial ecology. |
| 650 | 0 | 0 | |a Microbial metabolism. |
| 700 | 1 | |a Finlay, Bland J. | |
| 830 | 0 | |a Oxford series in ecology and evolution | |
| 852 | |a INST |b LESVOS |e 20030611 |h 572.478 FEN |p 005100024578 |q 005100024578 |t BK |y 0 | ||
| 901 | |a BIBL1-2003-2 | ||
| 909 | |a Λ |b 105312 | ||
| 920 | |a ΜΑΝΤΕΝΛΙΟΓΛΟΥ |b Σ. |y ΛΕΣΒΟΣ |z 2003-06 | ||
| 970 | |a ΚΑΡΑ |b ΓΙΑΣΕΜΗ |z 2003/06/11 | ||